<?xml version="1.0" encoding="UTF-8"?>
<marc:record xmlns:marc="http://www.loc.gov/MARC21/slim">
   <marc:leader>00000nam a2200000 a 4500</marc:leader>
   <marc:datafield ind1="1" ind2=" " tag="100">
      <marc:subfield code="a">Franciscus &lt;Leodius&gt;</marc:subfield>
   </marc:datafield>
   <marc:datafield ind1="1" ind2=" " tag="100">
      <marc:subfield code="a">Mansuetus &lt;Neocastrensi&gt;</marc:subfield>
   </marc:datafield>
   <marc:datafield ind1="1" ind2=" " tag="100">
      <marc:subfield code="a">Antoninus &lt;Orchiacensis&gt;</marc:subfield>
   </marc:datafield>
   <marc:datafield ind1="1" ind2=" " tag="100">
      <marc:subfield code="a">Stephanus &lt;a Caesena&gt;</marc:subfield>
   </marc:datafield>
   <marc:datafield ind1="1" ind2=" " tag="100">
      <marc:subfield code="a">Twickel, Ernst Friedrich von</marc:subfield>
   </marc:datafield>
   <marc:datafield ind1=" " ind2="1" tag="264">
      <marc:subfield code="c">1731</marc:subfield>
   </marc:datafield>
   <marc:datafield ind1="1" ind2=" " tag="520">
      <marc:subfield code="a">Vermerk auf dem Nebentitelbl.: Loci Capucinorum Wolfsberga; Druckermarke (Holzschnitt) am Titelbl. http://zentralbibliothek.kapuziner.at/kupferstiche/provinzbibliothek/provinzbibliothek_2618.jpg, figurative und ill. Holzschnittinitialen und Verzierungen im Text; gelber Schweinsledereinband auf Buchdeckeln aus Holz, Bettelordenseinband mit dreifachen Streicheisenlinien, Rollenstempeln mit Spruchbändern, fleuralen Elementen und Deckelvignetten (überkreuzte, stigmatisierte Arme, darüber Heiliger Geist in Form einer Taube und Schriftzug "FR[ATRU]M MINORVM CAPVCINORVM" auf vorderem Buchdeckel; Stigmatisierung des hl. Franz von Assisi mit Beischrift "Sanct Franciscvs" hinterer Buchdeckel), Buchrücken mit 6 Bünden, dreifachen Linienverzierungen ober- und unterhalb der Bünde, Aufschrift "Aurifodina || P. Roberti || Cameracensi || Pars Imi || ... || M" und Signaturschilder "B" "22", 2 Metallschließen mit Schließenbändern aus Leder, braun-rot gesprenkelte Schnittkante</marc:subfield>
   </marc:datafield>
   <marc:datafield ind1=" " ind2=" " tag="500">
      <marc:subfield code="a">Titelbl. in Rot- und Schwarzdr.</marc:subfield>
   </marc:datafield>
   <marc:datafield ind1="0" ind2=" " tag="490">
      <marc:subfield code="v">1.</marc:subfield>
   </marc:datafield>
   <marc:datafield ind1=" " ind2=" " tag="300">
      <marc:subfield code="a">[6] Bl., 757 S.</marc:subfield>
   </marc:datafield>
</marc:record>
